DNA repair and replication : (Record no. 28088)
[ view plain ]
| 000 -LEADER | |
|---|---|
| fixed length control field | 02689cam a2200397 i 4500 |
| 001 - CONTROL NUMBER | |
| control field | 20388400 |
| 003 - CONTROL NUMBER IDENTIFIER | |
| control field | EG-ScBUE |
| 005 - DATE AND TIME OF LATEST TRANSACTION | |
| control field | 20200215092001.0 |
| 008 - FIXED-LENGTH DATA ELEMENTS--GENERAL INFORMATION | |
| fixed length control field | 180302t2019 flua f b 001 0 eng d |
| 020 ## - INTERNATIONAL STANDARD BOOK NUMBER | |
| International Standard Book Number | 9780815345992 (pbk. : alk. paper) |
| 020 ## - INTERNATIONAL STANDARD BOOK NUMBER | |
| International Standard Book Number | 0815345992 (pbk. : alk. paper) |
| 035 ## - SYSTEM CONTROL NUMBER | |
| System control number | (DNLM)101722162 |
| 040 ## - CATALOGING SOURCE | |
| Original cataloging agency | DNLM/DLC |
| Language of cataloging | eng |
| Description conventions | rda |
| Transcribing agency | DLC |
| Modifying agency | DLC |
| -- | EG-ScBUE |
| 041 0# - LANGUAGE CODE | |
| Language code of text/sound track or separate title | eng |
| Language code of summary or abstract/overprinted title or subtitle | eng |
| 082 04 - DEWEY DECIMAL CLASSIFICATION NUMBER | |
| Classification number | 572.86459 |
| Item number | DNA |
| Edition number | 22 |
| 245 00 - TITLE STATEMENT | |
| Title | DNA repair and replication : |
| Remainder of title | mechanisms and clinical significance / |
| Statement of responsibility, etc | edited by Roger J. A. Grand, John J. Reynolds. |
| 264 #1 - PUBLICATION, DISTRIBUTION, ETC. (IMPRINT) | |
| Place of publication, distribution, etc | Boca Raton : |
| Name of publisher, distributor, etc | CRC Press, Taylor & Francis Group : |
| -- | A Garland Science book, |
| Date of publication, distribution, etc | [2019] |
| 264 #4 - PUBLICATION, DISTRIBUTION, ETC. (IMPRINT) | |
| Date of publication, distribution, etc | c2019 |
| 300 ## - PHYSICAL DESCRIPTION | |
| Extent | xvi, 348 pages : |
| Other physical details | color illustrations ; |
| Dimensions | 28 cm |
| 336 ## - CONTENT TYPE | |
| Content type term | text |
| Source | rdacontent |
| Content type code | txt |
| 337 ## - MEDIA TYPE | |
| Media type term | unmediated |
| Source | rdamedia |
| Media type code | n |
| 338 ## - CARRIER TYPE | |
| Carrier type term | volume |
| Source | rdacarrier |
| Carrier type code | nc |
| 504 ## - BIBLIOGRAPHY, ETC. NOTE | |
| Bibliography, etc | Includes bibliographical references and index. |
| 505 0# - FORMATTED CONTENTS NOTE | |
| Formatted contents note | DNA replication and cell cycle control / Sara Priego Moreno, Rebecca M. Jones, and Agnieszka Gambus -- DNA replication termination and genomic instability / Rebecca M. Jones, Sara Priego Moreno, and Agnieszka Gambus -- Mechanisms of DNA damage tolerance / Anastasia Zlatanou and Cyrus Vaziri -- Repair of DNA adducts and single strand breaks / Alicja Winczura and John J Reynolds -- Homologous recombination at replication forks / Eva Petermann -- Mechanisms of double strand break repair by non-homologous end-joining / Michal Malewicz -- Protein methylation and the DNA damage response / Martin Higgs and Clare Davies -- Ubiquitin, SUMO, and the DNA double strand break response / R.M. Densham, A.J. Garvin, and J.R. Morris -- Transcription in the context of genome stability maintenance / Marco Saponaro -- RNA binding proteins and the DNA damage response / Roger Grand -- DNA replication and inherited human disease / John J. Reynolds and Grant S. Stewart -- Genetics of ataxia telangiectasia and AT like disorders / A. Malcolm R. Taylor -- DNA repair mechanisms in stem cells and its implications during ageing / Rachel Bayley and Paloma Garcia -- Targeting replication stress in sporadic tumours / Marwan Kwok and Tatjana Stankovik. |
| 546 ## - LANGUAGE NOTE | |
| Language note | In English ; summary in English. |
| 650 #7 - SUBJECT ADDED ENTRY--TOPICAL TERM | |
| Topical term or geographic name as entry element | DNA Repair |
| General subdivision | genetics. |
| Source of heading or term | BUEsh |
| 650 #7 - SUBJECT ADDED ENTRY--TOPICAL TERM | |
| Topical term or geographic name as entry element | DNA Replication |
| General subdivision | genetics. |
| Source of heading or term | BUEsh |
| 653 ## - INDEX TERM--UNCONTROLLED | |
| Resource For college | Energy and Environmental Engineering |
| Arrived date list | February2020 |
| 655 ## - INDEX TERM--GENRE/FORM | |
| Form subdivision | Reading book |
| 9 (RLIN) | 34232 |
| 700 1# - ADDED ENTRY--PERSONAL NAME | |
| Personal name | Grand, R. J. A. |
| Fuller form of name | (Roger J. A.), |
| Relator term | editor. |
| 700 1# - ADDED ENTRY--PERSONAL NAME | |
| Personal name | Reynolds, John J. |
| Fuller form of name | (John Joseph), |
| Dates associated with a name | 1983- |
| Relator term | editor. |
| 906 ## - LOCAL DATA ELEMENT F, LDF (RLIN) | |
| a | 7 |
| b | cbc |
| c | orignew |
| d | 1 |
| e | ecip |
| f | 20 |
| g | y-gencatlg |
| 942 ## - ADDED ENTRY ELEMENTS (KOHA) | |
| Source of classification or shelving scheme | Dewey Decimal Classification |
| Koha item type | Book - Borrowing |
| Withdrawn status | Lost status | Source of classification or shelving scheme | Damaged status | Not for loan | Collection code | Home library | Current library | Shelving location | Date acquired | Source of acquisition | Cost, normal purchase price | Serial Enumeration / chronology | Total Checkouts | Full call number | Barcode | Date last seen | Cost, replacement price | Price effective from | Koha item type |
|---|---|---|---|---|---|---|---|---|---|---|---|---|---|---|---|---|---|---|---|
| Dewey Decimal Classification | Alahram | Central Library | Central Library | First floor | 15/02/2020 | Purchase | 1060.00 | 487 | 572.86459 DNA | 000048656 | 15/07/2025 | 1325.00 | 15/02/2020 | Book - Borrowing |